| 000 | 00405nam a22001697a 4500 | ||
|---|---|---|---|
| 003 | NUST - PNEC | ||
| 005 | 20170116181120.0 | ||
| 008 | 151004b xxu||||| |||| 00| 0 eng d | ||
| 020 | _a- | ||
| 040 | _cLIBRARY | ||
| 082 | _a674 PAG | ||
| 100 |
_913480 _aPage,C.H. |
||
| 245 |
_aExericses and designs in woodwork _cC.H. Page |
||
| 260 | _cc.1962 | ||
| 650 |
_913481 _aWoodwork _xIME |
||
| 942 |
_2ddc _cBK |
||
| 999 |
_c69548 _d69548 |
||